ბათუმის შოთა რუსთაველის სახელმწიფო უნივერსიტეტის ბიბლიოთეკა

Новый справочник химика и технолога. Аналитическая химия. Ч.1 (ბიბ.ჩანაწერი № 45389)

000 -LEADER
fixed length control field 00769nam a2200229Ia 4500
001 - CONTROL NUMBER
control field 12213
003 - CONTROL NUMBER IDENTIFIER
control field GE_BSU
008 - FIXED-LENGTH DATA ELEMENTS--GENERAL INFORMATION
fixed length control field 181216s||||||||xx |||||||||||||| ||und||
020 ## - INTERNATIONAL STANDARD BOOK NUMBER
International Standard Book Number 5943650466
040 ## - CATALOGING SOURCE
Transcribing agency GE_BSU
080 ## - UNIVERSAL DECIMAL CLASSIFICATION NUMBER
Universal Decimal Classification number 543(035)
100 ## - MAIN ENTRY--PERSONAL NAME
Personal name Барбалат,Ю.Г.; Власов,В.А.; Демин, и др.
245 ## - TITLE STATEMENT
Title Новый справочник химика и технолога. Аналитическая химия. Ч.1
245 ## - TITLE STATEMENT
Statement of responsibility, etc. Ред.И.П.Калинкин
260 ## - PUBLICATION, DISTRIBUTION, ETC.
Place of publication, distribution, etc. СПБ
260 ## - PUBLICATION, DISTRIBUTION, ETC.
Name of publisher, distributor, etc. НПО "Профессионал
260 ## - PUBLICATION, DISTRIBUTION, ETC.
Date of publication, distribution, etc. 2013
300 ## - PHYSICAL DESCRIPTION
Extent 980стр.29см.
653 ## - INDEX TERM--UNCONTROLLED
Uncontrolled term Новый справочник химика и технолога. Аналитическая химия
942 ## - ADDED ENTRY ELEMENTS (KOHA)
Koha item type წიგნი
ეგზემპლარები
Withdrawn status Lost status Damaged status Not for loan Date acquired Barcode Date last seen Price effective from Koha item type Public note
        2018-12-17 36129 2018-12-17 2018-12-17 წიგნი  
        2018-12-17 36128 2018-12-17 2018-12-17 წიგნი საინჟ-ტექნოლ.ფაკ-ს ბიბლ-შია